[Event "Saint Affrique op 19th"]
[Site "Saint Affrique"]
[Date "2011.07.24"]
[Round "2"]
[White "Del Valle, Julie"]
[Black "Valat, Jean Marie"]
[Result "1-0"]
[WhiteElo "1409"]
[BlackElo "1666"]
[PlyCount "79"]
[EventDate "2011.07.23"]
[EventType "swiss"]
[EventRounds "9"]
[EventCountry "FRA"]
[SourceTitle "CBM 143 Extra"]
[Source "ChessBase"]
[SourceDate "2011.08.29"]
[SourceVersion "1"]
[SourceVersionDate "2011.08.29"]
[SourceQuality "1"]

1. d4 Nf6 2. c4 g6 3. Nc3 Bg7 4. Nf3 0-0 5. e4 d6 6. Bf4 c5 7. dxc5 Qa5 8. Bd2 Qxc5 9. Be2 Qc7 10. 0-0 Bd7 11. Rc1 Bc6 12. Nd5 Qd8 13. Bd3 Nbd7 14. Bc3 e5 15. Bb4 Nc5 16. Bxc5 dxc5 17. Nxe5 Nxd5 18. cxd5 Bxe5 19. dxc6 b6 20. b3 Qc7 21. g3 Rfd8 22. Qf3 Qxc6 23. Bc4 Rd7 24. Bd5 Qc8 25. Bxa8 Qxa8 26. Rcd1 Bd4 27. Rfe1 Rd6 28. Qe2 Re6 29. Qd3 Qe8 30. a3 a5 31. Rb1 Qd7 32. Qe2 f5 33. Qc4 Kg7 34. exf5 Rxe1+ 35. Rxe1 Qxf5 36. Re7+ Kh6 37. Qc1+ g5 38. Qe1 Kh5 39. Qe2+ g4 40. h3 1-0